000 01502nam a2200313 a 4500
001 BRCA_3017
005 20190320204054.0
008 200109s1741----fr-a---###---#000-0#fre-u
041 _afre
044 _afr
084 _a335
_b.H83
_c1741
100 1 _aCervantes Saavedra, Miguel de
_d1547-1616
_9213
245 1 0 _aHistoire de L´Admirable Don Quichote de la Manche
_cpar Filleau de St. Martin de Michel de Cervantes.
260 _aParís
_bPierre Michel Huart
_c1741
300 _a6 v.
_bil.
_c18 cm.
500 _aContenido : v 1. Primera parte. Advertencia del traductor. Texto. -- v 2. Texto. -- v 3. Segunda parte. Texto. -- v 4. Texto. -- v 5. Primera parte de la continuación escrita por el traductor. Texto. -- v 6. Segunda parte de la continuación escrita por el traductor
500 _aEdición : Nouvelle Edition Revueé Corrigeé et Augmentée
500 _aCopia de la edición de 1733 del mismo autor. Fina piel; lomeras y tapas adornadas con florones dorados; cortes dorados también Lúdovik Osterc
500 _aQM263
546 _aTexto en : francés
650 1 4 _aNovela española
_yÉpoca clásica, 1500-1700
_9215
650 1 4 _aLiteratura española
_yÉpoca clásica, 1500-1700
_9216
650 1 4 _aNovela española
_ySiglo XVII
_9217
650 1 4 _aDon Quijote (Personaje ficticio)
_eNovela
_9218
700 1 _aSaint-Martin, Francois Filleau de
_d1632-1695
_eTraductor
_98311
740 0 _aEl Ingenioso Hidalgo Don Quijote de la Mancha
902 _aQFM
942 _2lcc
_cB
999 _c2755
_d2755